| 000 | 00749nam a2200205Ia 4500 | ||
|---|---|---|---|
| 999 |
_c49612 _d49612 |
||
| 001 | 16544 | ||
| 003 | GE_BSU | ||
| 005 | 20241227164747.0 | ||
| 008 | 181216s2015||||ge |||||||||||||| ||geo|| | ||
| 040 | _cGE_BSU | ||
| 041 | _ageo | ||
| 080 | _a342.4(479.22)"2015 ს-32 | ||
| 245 |
_aსაქართველოს კონსტიტუცია : _b2015 წლის 1 აპრილის მდგომარეობით. |
||
| 264 |
_aთბილისი : _bბონა კაუზა, _c2015. |
||
| 300 |
_a69 გვ. ; _c20 სმ. |
||
| 490 | _aიურისტის ბიბლიოთეკა | ||
| 541 | _h4ლ. | ||
| 653 | _aსაქართველოს კონსტიტუცია | ||
| 942 |
_cBK _2udc |
||